00343 a2200109 4500001001000000005001700010008004100027245004900068100003400117773006700151999001500218ART_2590920260410161603.0260409a 10aLa contabilidad y los métodos analíticos1 aGarcía Casella, Carlos Luis0 tProfesional & Empresariag- Año V, Nº 59 (ago. 2004)wREV70 c9864d9864